WWE - Booker T's PPV Opponents - Statistics

General Stats
  • This quiz has been taken 711 times
    706 since last reset
  • The average score is 76 of 100
Answer Stats
Year Event Match Type Answer % Correct
2001 Invasion 5 vs 5 Inaugural Brawl Kane
96%
2001 Survivor Series 5 vs 5 Elimination Match Kane
96%
2002 Survivor Series Elimination Chamber Match Kane
96%
2007 No Way Out Kane
96%
2001 Invasion 5 vs 5 Inaugural Brawl The Undertaker
95%
2001 No Mercy The Undertaker
95%
2001 Survivor Series 5 vs 5 Elimination Match The Undertaker
95%
2004 Judgment Day The Undertaker
95%
2004 Armageddon Fatal 4-Way Match The Undertaker
95%
2002 Survivor Series Elimination Chamber Match Triple H
95%
2003 WrestleMania XIX Triple H
95%
2003 Backlash 6-Man Tag Team Match Triple H
95%
2007 SummerSlam Triple H
95%
2001 Invasion 5 vs 5 Inaugural Brawl Stone Cold Steve Austin
93%
2001 SummerSlam The Rock
93%
2001 Unforgiven 2-on-1 Handicap Match The Rock
93%
2001 Survivor Series 5 vs 5 Elimination Match The Rock
93%
2001 Invasion 5 vs 5 Inaugural Brawl Chris Jericho
92%
2001 Survivor Series 5 vs 5 Elimination Match Chris Jericho
92%
2002 No Mercy Tag Team Match Chris Jericho
92%
2002 Survivor Series Elimination Chamber Match Chris Jericho
92%
2002 Armageddon 4-Team Elimination Match Chris Jericho
92%
2003 Backlash 6-Man Tag Team Match Chris Jericho
92%
2003 Survivor Series 5 vs 5 Elimination Match Chris Jericho
92%
2001 Survivor Series 5 vs 5 Elimination Match The Big Show
92%
2002 Vengeance No DQ Match The Big Show
92%
2006 Cyber Sunday Champion of Champions Match The Big Show
92%
2001 Invasion 5 vs 5 Inaugural Brawl Kurt Angle
91%
2005 Judgment Day Kurt Angle
91%
2002 WrestleMania X8 Edge
90%
2004 The Great American Bash Fatal 4-Way Match John Cena
89%
2004 SummerSlam John Cena
89%
2004 No Mercy John Cena
89%
2006 Cyber Sunday Champion of Champions Match John Cena
89%
2006 Armageddon Tag Team Match John Cena
89%
2007 Vengeance: Night of Champions Fatal 5-Way Match John Cena
89%
2003 Survivor Series 5 vs 5 Elimination Match Randy Orton
89%
2007 Vengeance: Night of Champions Fatal 5-Way Match Randy Orton
89%
2002 Survivor Series Elimination Chamber Match Shawn Michaels
87%
2002 SummerSlam Tag Team Match Christian
85%
2002 Unforgiven 8-Man Tag Team Match Christian
85%
2002 No Mercy Tag Team Match Christian
85%
2002 Armageddon 4-Team Elimination Match Christian
85%
2003 Insurrextion Christian
85%
2003 Bad Blood Christian
85%
2003 Survivor Series 5 vs 5 Elimination Match Christian
85%
2005 The Great American Bash Christian
85%
2005 No Mercy Fatal 4-Way Match Christian
85%
2002 Survivor Series Elimination Chamber Match Rob Van Dam
85%
2004 The Great American Bash Fatal 4-Way Match Rob Van Dam
85%
2006 SummerSlam Batista
84%
2006 No Mercy Fatal 4-Way Match Batista
84%
2006 Survivor Series Batista
84%
2006 Armageddon Tag Team Match Batista
84%
2004 Armageddon Fatal 4-Way Match Eddie Guerrero
83%
2002 Armageddon 4-Team Elimination Match Bubba Ray Dudley
81%
2004 WrestleMania XX 4-Team Match Bubba Ray Dudley
81%
2002 Armageddon 4-Team Elimination Match D-Von Dudley
81%
2004 WrestleMania XX 4-Team Match D-Von Dudley
81%
2004 Survivor Series John Bradshaw Layfield
81%
2004 Armageddon Fatal 4-Way Match John Bradshaw Layfield
81%
2002 No Way Out Tag Team Match Spike Dudley
79%
2005 No Mercy Fatal 4-Way Match Chris Benoit
77%
2005 Survivor Series Chris Benoit
77%
2005 Armageddon Chris Benoit
77%
2006 No Way Out Chris Benoit
77%
2006 The Great American Bash Rey Mysterio
77%
2003 Backlash 6-Man Tag Team Match Ric Flair
72%
2002 Rebellion Matt Hardy
71%
2006 Judgment Day King of the Ring Finals Bobby Lashley
67%
2006 No Mercy Fatal 4-Way Match Bobby Lashley
67%
2007 Vengeance: Night of Champions Fatal 5-Way Match Bobby Lashley
67%
2003 Survivor Series 5 vs 5 Elimination Match Mark Henry
67%
2003 Armageddon Mark Henry
67%
2012 WrestleMania XXVIII 12-Man Tag Team Match Mark Henry
67%
2007 Vengeance: Night of Champions Fatal 5-Way Match Mick Foley
65%
2002 Unforgiven 8-Man Tag Team Match Test
63%
2002 Unforgiven 8-Man Tag Team Match William Regal
63%
2002 Armageddon 4-Team Elimination Match William Regal
63%
2006 No Mercy Fatal 4-Way Match Finlay
61%
2006 WrestleMania 22 2-on-1 Mixed Handicap Match The Boogeyman
61%
2012 WrestleMania XXVIII 12-Man Tag Team Match The Miz
57%
2002 SummerSlam Tag Team Match Lance Storm
55%
2002 Unforgiven 8-Man Tag Team Match Lance Storm
55%
2002 Armageddon 4-Team Elimination Match Lance Storm
55%
2011 Tables, Ladders & Chairs Cody Rhodes
51%
2004 WrestleMania XX 4-Team Match Rene Dupree
51%
2004 The Great American Bash Fatal 4-Way Match Rene Dupree
49%
2012 WrestleMania XXVIII 12-Man Tag Team Match Dolph Ziggler
43%
2012 WrestleMania XXVIII 12-Man Tag Team Match Jack Swagger
41%
2002 No Way Out Tag Team Match Tazz
41%
2004 WrestleMania XX 4-Team Match Rob Conway
40%
2003 Survivor Series 5 vs 5 Elimination Match Scott Steiner
37%
2004 WrestleMania XX 4-Team Match Mark Jindrak
35%
2004 WrestleMania XX 4-Team Match Garrison Cade
32%
2005 No Mercy Fatal 4-Way Match Orlando Jordan
29%
2012 WrestleMania XXVIII 12-Man Tag Team Match Drew McIntyre
26%
2012 WrestleMania XXVIII 12-Man Tag Team Match David Otunga
24%
2002 Insurrextion Hardcore Match Steven Richards
21%
2005 No Way Out Heidenreich
17%
No matching quizzes found
Score Distribution
Percent of People with Each Score
Percentile by Number Answered
Your Score History
You have not taken this quiz since the last reset